| 000 | 00586nam a2200145Ia 4500 | ||
|---|---|---|---|
| 008 | 170221s9999 xx 000 0 und d | ||
| 100 | _aSantos, Michael R. | ||
| 245 | 2 | _aA pedagogical Excel application of cumulative abnormal returns to Hewlett-Packard Company’s takeover of 3Com Corporation | |
| 245 | _cMichael R. Santos, Sonoma State University; Antong Victorio, Victoria University of Wellington. | ||
| 260 | _bJournal of Management and Marketing Research | ||
| 260 | _c2012 | ||
| 300 | _a32 : 2 | ||
| 650 | _xBusiness | ||
| 856 | _uhttp://www.aabri.com/manuscripts/121251.pdf | ||
| 999 |
_c311177 _d311177 |
||